|
|
|
|
| LEADER |
02617nam a2200541 4500 |
| 001 |
ocn772908143 |
| 003 |
OCoLC |
| 005 |
20180501121949.0 |
| 006 |
m o d |
| 007 |
cr cn||||||||| |
| 008 |
120116s1983 ne a ob 001 0 eng d |
| 040 |
|
|
|a OPELS
|b eng
|e pn
|c OPELS
|d OCLCQ
|d IL4I4
|d UIU
|d OCLCQ
|d OCLCA
|d OCLCE
|d CUS
|d OCLCF
|d OCLCQ
|d DEBBG
|d GrThAP
|
| 019 |
|
|
|a 608129396
|a 648233557
|
| 020 |
|
|
|a 9780444867261
|q (electronic bk.)
|
| 020 |
|
|
|a 0444867260
|q (electronic bk.)
|
| 035 |
|
|
|a (OCoLC)772908143
|z (OCoLC)608129396
|z (OCoLC)648233557
|
| 042 |
|
|
|a dlr
|
| 050 |
|
4 |
|a QA280
|b .T56 1983
|
| 082 |
0 |
4 |
|a 519.5/5
|2 22
|
| 084 |
|
|
|a 31.73
|2 bcl
|
| 049 |
|
|
|a TEFA
|
| 245 |
0 |
0 |
|a Time series in the frequency domain /
|c edited by D.R. Brillinger, P.R. Krishnaiah.
|
| 260 |
|
|
|a Amsterdam ;
|a New York :
|b North-Holland ;
|a New York :
|b Sole distributors for the U.S.A. and Canada, Elsevier Science Pub. Co.,
|c 1983.
|
| 300 |
|
|
|a 1 online resource (xiv, 485 pages) :
|b illustrations.
|
| 336 |
|
|
|a text
|b txt
|2 rdacontent
|
| 337 |
|
|
|a computer
|b c
|2 rdamedia
|
| 338 |
|
|
|a online resource
|b cr
|2 rdacarrier
|
| 490 |
1 |
|
|a Handbook of statistics ;
|v v. 3
|
| 504 |
|
|
|a Includes bibliographical references and index.
|
| 588 |
0 |
|
|a Print version record.
|
| 506 |
|
|
|3 Use copy
|f Restrictions unspecified
|2 star
|5 MiAaHDL
|
| 533 |
|
|
|a Electronic reproduction.
|b [S.l.] :
|c HathiTrust Digital Library,
|d 2010.
|5 MiAaHDL
|
| 538 |
|
|
|a Master and use copy. Digital master created according to Benchmark for Faithful Digital Reproductions of Monographs and Serials, Version 1. Digital Library Federation, December 2002.
|u http://purl.oclc.org/DLF/benchrepro0212
|5 MiAaHDL
|
| 583 |
1 |
|
|a digitized
|c 2010
|h HathiTrust Digital Library
|l committed to preserve
|2 pda
|5 MiAaHDL
|
| 650 |
|
0 |
|a Time-series analysis.
|
| 650 |
|
6 |
|a Série chronologique.
|
| 650 |
|
7 |
|a Time-series analysis.
|2 fast
|0 (OCoLC)fst01151190
|
| 650 |
1 |
7 |
|a Statistiek.
|2 gtt
|
| 650 |
1 |
7 |
|a Tijdreeksen.
|2 gtt
|
| 650 |
|
7 |
|a Séries chronologiques.
|2 ram
|
| 650 |
|
7 |
|a Estimation, Théorie de l'.
|2 ram
|
| 653 |
|
|
|a Time series
|a Analysis
|
| 655 |
|
4 |
|a Electronic books.
|
| 700 |
1 |
|
|a Brillinger, David R.
|
| 700 |
1 |
|
|a Krishnaiah, Paruchuri R.
|
| 776 |
0 |
8 |
|i Print version:
|t Time series in the frequency domain.
|d Amsterdam ; New York : North-Holland ; New York : Sole distributors for the U.S.A. and Canada, Elsevier Science Pub. Co., 1983
|z 0444867260
|w (DLC) 83020641
|w (OCoLC)10100739
|
| 830 |
|
0 |
|a Handbook of statistics (Amsterdam, Netherlands) ;
|v v. 3.
|
| 856 |
4 |
0 |
|u https://www.sciencedirect.com/science/handbooks/01697161/3
|z Full Text via HEAL-Link
|